000 00492nam a22001937a 4500
003 OSt
005 20151104112107.0
008 130311t xxu||||| |||| 00| 0 eng d
020 _a9780140177398
050 _aPS 3537
_b.St819 1993
082 _aIB 813.52
_bSt3 1993
100 _aSteinbeck, John
245 _aOf mice and men
_cby John Steinbeck
260 _aNew York :
_b Penguin Books,
_c 1993
300 _a107 pages ;
_c 18 cm.
562 _e1
942 _2lcc
_cBK
999 _c2319
_d2319